Kinetická theorie plynů

Podrobná bibliografia
Hlavný autor: Záviška, František, 1879-1945 (Autor)
Ďalší autori: Brdička, Miroslav, 1913-2007 (Editor)
Médium: Kniha
Jazyk:čeština
Fyzický popis:172 s.
Vydavateľské údaje: Praha Vědecké vydavatelství 1951
Vydanie:1. vyd.
Edícia:Knihovna učebnic
Predmet:

MARC

LEADER 00000nam a2200000 a 4500
001 vtls001478160
003 SK-MaSNL
005 20260301122134.0
008 240318s1951 xr 00100 cze
035 |a SNK000433460 
040 |a SNK  |b slo  |c SNK  |e AACR2 
041 0 |a cze 
044 |a xr  |c CZ 
072 7 |a 533  |x Mechanika plynov. Aeromechanika. Fyzika plazmy  |2 konspekt 
080 |a 533.7  |2 2011 
080 |a (048.8)  |2 2011 
100 1 |a Záviška, František,  |d 1879-1945  |4 aut  |9 155014 
245 1 0 |a Kinetická theorie plynů  |c František Záviška ; text podle zanechaných poznámek autorových doplnil a vypracoval Miroslav Brdička 
250 |a 1. vyd. 
260 |a Praha  |b Vědecké vydavatelství  |c 1951 
300 |a 172 s. 
490 1 |a Knihovna učebnic  |v 25 
504 |a Obsahuje register na str. 169 
650 0 7 |a kinetická teória plynov  |2 SNKPH  |9 220854 
650 0 7 |a Kinetic theory of gases  |2 SNKPHeng  |9 467266 
655 7 |a monografie  |2 SNKPH  |9 70139 
655 7 |a Monographs  |2 SNKPHeng  |9 120675 
700 1 |a Brdička, Miroslav,  |d 1913-2007  |4 edt  |9 58049 
830 0 |a Knihovna učebnic  |9 467267 
999 |c 731834  |d 733764 
952 |t P60, <04>, [BOOK], {604}  |a SNK  |b SNK  |y VYP  |7 0  |p 17A0433570  |o snkIC 8666/25 D1  |i snkF 2510/63  |0 0  |1 1  |4 0  |d 2004-07-09  |l 0  |r 2005-01-02 00:00:00  |w 2026-02-23